000
00256 a2200097 4500
001
59629
100
_a
245
_a
Real-Time Image and video Processing From Research to reality
260
_a
USA
_b
Morgan & claypool
_c
2006
090
_c
36502
_d
36502
942
_a
NUST-CAE
_c
MONOGRAPH
_c
29450
999
_c
294702
_d
294702